A roadmap for nD-enabled construction (Record no. 105031)

MARC details
000 -LEADER
fixed length control field 01346cam a2200277 4500
001 - CONTROL NUMBER
control field ##L132135
008 - FIXED-LENGTH DATA ELEMENTS--GENERAL INFORMATION
fixed length control field 060112n2006 000 0 eng u
020 ## - INTERNATIONAL STANDARD BOOK NUMBER
International Standard Book Number 978184219285X
035 ## - SYSTEM CONTROL NUMBER
System control number (Sirsi) u132135
041 0# - LANGUAGE CODE
Language code of text/sound track or separate title eng
050 04 - LIBRARY OF CONGRESS CALL NUMBER
Classification number 690.0285 $2 18
100 1# - MAIN ENTRY--PERSONAL NAME
Personal name Lee, Angela
245 02 - TITLE STATEMENT
Title A roadmap for nD-enabled construction
260 ## - PUBLICATION, DISTRIBUTION, ETC.
Place of publication, distribution, etc. London
Name of publisher, distributor, etc. RICS
Date of publication, distribution, etc. 2006
490 ## - SERIES STATEMENT
Series statement RICS Research Paper Series
Volume/sequential designation 6(2)
520 ## - SUMMARY, ETC.
Summary, etc. Accumulates the results of 5 workshops to produce a roadmap of how nD modelling can help the design and construction industries to improve their performance. Updates the 2005 RICS research paper "nD modelling: a driver or enabler for construction improvement?" (ISBN 1842192000). Shows that the concentration of effort should be placed on the education and training activities to heighten the level of industry's awareness of nD modelling, with the technology itself being of a lower importance.
590 ## - LOCAL NOTE (RLIN)
Local note IKA230506
690 ## - LOCAL SUBJECT ADDED ENTRY--TOPICAL TERM (OCLC, RLIN)
Topical term or geographic name as entry element Construction management
9 (RLIN) 6230
700 1# - ADDED ENTRY--PERSONAL NAME
Personal name Wu, Song
700 1# - ADDED ENTRY--PERSONAL NAME
Personal name Aouad, Ghassan
700 1# - ADDED ENTRY--PERSONAL NAME
Personal name Cooper, Rachel
700 1# - ADDED ENTRY--PERSONAL NAME
Personal name Tah, Joseph
710 2# - ADDED ENTRY--CORPORATE NAME
Corporate name or jurisdiction name as entry element Royal Institution of Chartered Surveyors
Subordinate unit Research
9 (RLIN) 4902
856 40 - ELECTRONIC LOCATION AND ACCESS
Uniform Resource Identifier <a href="https://www.rics.org/RICSservices/RICSresearch/Research+paper+on+nD-roadmap.htm">https://www.rics.org/RICSservices/RICSresearch/Research+paper+on+nD-roadmap.htm</a>
Public note View the item free of charge at www.rics.org...
942 ## - ADDED ENTRY ELEMENTS (KOHA)
Suppress in OPAC 0
Holdings
Withdrawn status Lost status Source of classification or shelving scheme Damaged status Not for loan Home library Current library Shelving location Date acquired Total Checkouts Full call number Barcode Date last seen Copy number Price effective from Koha item type
    Dewey Decimal Classification     Virtual Virtual Online 24/05/2006   ONLINE PUBLICATION 132135-2001 06/08/2019 1 06/08/2019 Book